Bitwy II wojny światowej - Statystyki

Ogólne statystyki
  • Ten quiz został rozwiązany 298 razy
  • Średni wynik to 14 z 27
Statystyki odpowiedzi
Czas trwania Państwa Miejsce bitwy/bitwa % Poprawnych
16 kwietnia-2 maja 1945 ZSRR-III Rzesza Oblężenie Berlina
82%
1-7 września 1939 Polska-III Rzesza Westerplatte
82%
23 sierpnia 1942-2 lutego 1943 ZSRR-III Rzesza i sojusznicy Bitwa pod Stalingradem
78%
8-28 września 1939 Polska-III Rzesza Bitwa o Warszawę
77%
6 czerwca 1944 Alianci-III Rzesza Lądowanie w Normandii
71%
5 lipca-23 sierpnia 1943 ZSRR-III Rzesza Bitwa na łuku Kurskim
67%
9-22 września 1939 Polska-III Rzesza Bitwa nad Bzurą
64%
10 lipca-31 października 1940 Wielka Brytania, Polska-III Rzesza Bitwa o Anglię
64%
7 grudnia 1941 USA-Japonia Bitwa o Pearl Harbor
64%
8 września 1941-27 stycznia 1944 ZSRR-III Rzesza i Finlandia Oblężenie Leningradu
64%
30 września 1941-7 stycznia 1942 ZSRR-III Rzesza Bitwa pod Moskwą
63%
9 kwietnia-8 czerwca 1940 Norwegia i Alianci-III Rzesza Bitwa o Narwik
60%
1 sierpnia-3 października 1944 Polska-III Rzesza Powstanie warszawskie
60%
4-7 czerwca 1942 USA-Japonia Bitwa o Midway
59%
17 stycznia-19 maja 1944 Alianci, Polska-Włochy, III Rzesza Bitwa o Monte Cassino
58%
10 kwietnia-27 listopada 1941 Alianci i kolonie brytyjskie-Włochy, III Rzesza Oblężenie Tobruku
49%
23 sierpnia-26 września 1941 ZSRR-III Rzesza Bitwa o Kijów
45%
16 grudnia 1944-25 stycznia 1945 Alianci-III Rzesza Bitwa o Ardeny
42%
1 kwietnia-21 czerwca 1945 USA-Japonia Bitwa o Okinawę
42%
2-6 października 1939 Polska-III Rzesza Bitwa pod Kockiem
42%
26 maja-4 czerwca 1940 Alianci-III Rzesza Obrona Dunkierki
39%
21-28 maja 1941 Grecja, Alianci i kolonie brytyjskie-III Rzesza Bitwa o Kretę
33%
12-18 października 1943 ZSRR, Polska-III Rzesza Bitwa pod Lenino
32%
21 lutego-18 marca 1943 ZSRR-III Rzesza Bitwa o Charków
28%
13 lutego- 6 maja 1945 ZSRR-III Rzesza Oblężenie Wrocławia
25%
3 września-8 maja 1945 Alianci, sprzymierzeńcy-III Rzesza Bitwa o Atlantyk
18%
16 marca-13 kwietnia 1945 ZSRR-III Rzesza Bitwa o Wiedeń
12%
Nie znaleziono quizów pasujących do podanych kryteriów
Rozkład punktacji
Procent ludzi z każdym wynikiem
Percentyl według liczby udzielonych odpowiedzi
Twoja historia wyników
Nie rozwiązałeś tego quizu